Estadística
Saved in:
| 主要作者: | |
|---|---|
| 格式: | 圖書 |
| 語言: | 西班牙语 |
| 出版: |
Ciudad de México
Continental
1996
|
| 主題: | |
| 標簽: |
添加標簽
沒有標簽, 成為第一個標記此記錄!
|
MARC
| LEADER | 00000nam a2200000 a 4500 | ||
|---|---|---|---|
| 001 | UCO9035 | ||
| 003 | CL-VaPUC | ||
| 008 | 010119e19960000MX |||||||||||||||||spa|d | ||
| 020 | |a 9682612616 | ||
| 082 | 0 | 4 | |a 519.5 |b WEI |2 21 |
| 100 | 0 | |a Weimer, Richard C |e author |9 454130 | |
| 245 | 1 | 0 | |a Estadística |
| 300 | |a 839 p | ||
| 942 | |c BK | ||
| 945 | |d 20010119 00:00:00 |a vberengu | ||
| 260 | |a Ciudad de México |b Continental |c 1996 | ||
| 650 | 0 | |a Estadística descriptiva |9 366209 | |
| 650 | 0 | |a Estimación |9 373802 | |
| 650 | 0 | |a Inferencia estadística |9 312855 | |
| 650 | 0 | |a Probabilidad |9 349606 | |
| 650 | 7 | |a PRUEBAS NO PARAMETRICAS |2 CL-VaPUC |9 454131 | |
| 650 | 0 | |a Teoría de probabilidades |9 336944 | |
| 583 | |a last modification |c 20010119 00:00:00 |k Rodrigo Vera | ||
| 999 | |c 293439 |d 293437 | ||
| 952 | |0 0 |1 0 |4 0 |6 519_500000000000000_WEI_1996 |7 0 |8 A |9 344974 |a BIBGIM |b BIBGIM |d 2019-11-20 |i 3686299 |o 519.5 WEI 1996 |p 3686299 |r 2025-01-15 |w 2019-11-20 |y BK |k EST | ||
| 952 | |0 0 |1 0 |4 0 |6 519_500000000000000_WEI_1996 |7 0 |8 A |9 344975 |a BIBGIM |b BIBGIM |d 2019-11-20 |i 3963470 |o 519.5 WEI 1996 |p 3963470 |r 2025-01-15 |w 2019-11-20 |y BK |k EST | ||
| 952 | |0 0 |1 0 |4 0 |6 519_500000000000000_WEI_1996 |7 0 |8 A |9 344976 |a BIBGIM |b BIBGIM |d 2019-11-20 |i 3963489 |o 519.5 WEI 1996 |p 3963489 |r 2025-01-15 |w 2019-11-20 |y BK |k EST | ||